Programación de obras con Primavera Project Planner v3.1 y Project 2003

Sábháilte in:
Sonraí bibleagrafaíochta
Príomhchruthaitheoir: Pantigoso Loza, Henry (autor)
Formáid: LEABHAR
Teanga:Spáinnis
Foilsithe / Cruthaithe: Lima Megabyte 2004
Eagrán:1a. ed
Ábhair:
Clibeanna: Cuir clib leis
Níl clibeanna ann, Bí ar an gcéad duine le clib a chur leis an taifead seo!

MARC

LEADER 00000cam a2200000 a 4500
001 UCH7347
003 CL-VaPUC
008 091112e20040000PE |||||||||||||||||spa|d
020 |a 9972821080 
082 0 4 |a 005.133  |b PAN  |2 21 
100 |a Pantigoso Loza, Henry  |e autor  |9 543782 
245 1 0 |a Programación de obras con Primavera Project Planner v3.1 y Project 2003 
250 |a 1a. ed 
300 |a 455 p 
942 |c BK 
945 |d 20091112 00:00:00  |a rbrito 
260 |a Lima  |b Megabyte  |c 2004 
500 |a Incluye CD 
650 0 |a Lenguajes de programación   |9 259458 
650 0 |a Programación de computadores   |9 259531 
650 0 |a Gestión de proyectos  |9 260970 
650 7 |a PRIMAVERA PROJECT PLANNER  |2 CL-VaPUC  |9 543783 
650 7 |a PROJECT 2003  |2 CL-VaPUC  |9 543784 
583 |a last modification  |c 20170510 01:21:46  |k Rodrigo Vera 
999 |c 337993  |d 337991 
952 |0 0  |1 0  |4 0  |6 005_133000000000000_PAN_2004  |7 0  |8 A  |9 430748  |a BIBING  |b BIBING  |d 2019-11-22  |i 4616871  |l 1  |o 005.133 PAN 2004  |p 4616871  |r 2025-01-20  |s 2022-07-07  |w 2019-11-22  |y BK  |k CCL